000 00624nam a22001817a 4500
999 _c184473
_d184473
005 20220120162759.0
010 _aENG-131284
020 _a978-93-90389-81-0
_c325.00
035 _aEN-114816
037 _bDBAD
082 _a000
100 _aRannjan, Manish
245 _aNcert Summary (Class VI-XII):
_cManish Rannjan
_bUseful for UPSC, UPPSC, BPSC, JPSC, MPPSC AND ALL OTHER COMPETITIVE EXAMS/
260 _aNew Delhi
_bPrabhat Exam
_c2022
270 _bNew Delhi
_a4/19, Asaf Ali Road
_e110002
_k23289555, 23289666
_mprabhatbook@gmail.com
300 _a356p.
_c27cm(pbk)
942 _2ddc
_cEN
_h000
_mRAN